000 00256nam a22001217a 4500
008 170523b xxu||||| |||| 00| 0 eng d
041 _aeng
080 _a94
100 _a16
101 _aSHH
245 _aIMAGES OF LABOR
_cMONDA\LE.J
942 _2udc
_cBK
999 _c13873
_d13873